000 00564nam a2200205Ia 4500
003 OSt
005 20250127143845.0
008 231217s9999 xx 000 0 und d
020 _a9788131759028
040 _c0
041 _aEnglish
082 _a001.6425 AHO;79
100 _aAho, Alfred V. Lam, Monica S. Sethi, Ravi ...[et al.]
245 0 _aCompilers : principles, techniques and tools
250 _a2nd ed.
260 _c2011
_bPearson
_aChennai
300 _axxiv, 1009+Q20
650 _aCompilers,principles,,techniques,tools
942 _cAA
_2ddc
999 _c197184
_d197184